Logo BPK

Bibliografia Prac Pracowników

Politechniki Koszalińskiej

Technologia uprawy ziemniaków jadalnych i przemysłowych / (Rekord nr 10569)

Szczegóły MARC
000 -ETYKIETA REKORDU
podpole kontrolne o stałej długości 00732naa a2200193 i 4500
001 - NUMER KONTROLNY REKORDU
podpole kontrolne 10569
003 - IDENTYFIKATOR NUMERU KONTROLNEGO REKORDU
podpole kontrolne KOSZ 005
005 - DATA OSTATNIEJ MODYFIKACJI REKORDU
podpole kontrolne 20180521124713.0
008 - POLE O STAŁEJ DŁUGOŚCI - DANE KONTROLNE
podpole kontrolne o stałej długości 150908s2006 pl f |000 0 pol
040 ## - ŹRÓDŁO KATALOGOWANIA
Instytucja, która utworzyła rekord BPK
Instytucja, która dokonała modyfikacji KOSZ 005/EG
041 ## - KOD JĘZYKA
Kod języka tekstu pol
080 ## - UNIWERSALNA KLASYFIKACJA DZIESIĘTNA - UKD
UKD 633.49
100 1# - NAZWA OSOBOWA
Nazwa osobowa JABŁOŃSKI, Kazimierz.
Lata pracy 1999 - .
Instytucja Politechnika Koszalińska - Wydział Mechaniczny,
Wydział Zakład Inżynierii Rolnictwa
245 10 - TYTUŁ/ODPOWIEDZIALNOŚĆ
Tytuł Technologia uprawy ziemniaków jadalnych i przemysłowych /
Pozostałe elementy strefy tytułu i oznaczenia odpowiedzialności Kazimierz Jabłoński.
500 ## - UWAGI OGÓLNE
Tekst uwagi Dane z autopsji.
650 #0 - HASŁO PRZEDMIOTOWE W FORMIE NAZWY OGÓLNEJ LUB JEDNOSTKOWEJ
Nazwa ogólna lub geograficzna Ziemniaki - uprawa.
773 0# - TYTUŁ DOKUMENTU MACIERZYSTEGO
Wyrażenie wprowadzające W :
Tytuł Produkcja ziemniaków : praca zbiorowa / pod red. Jacka Chotkowskiego. -
Adres wydawniczy Warszawa : Wydaw. Wieś Jutra, 2006. -
Informacje dotyczące relacji s. 48-71
942 ## - HASŁO DODATKOWE - ELEMENTY(KOHA)
Typ dokumentu Rozdział
Schemat klasyfikacji Uniwersalna klasyfikacja dziesiętna
Egzemplarze
Wycofany Zagubiony Uszkodzony Dostępność Lokalizacja stała Lokalizacja bieżąca Sygnatura Typ dokumentu
      Dostępny Bibliografia Prac Pracowników - BPK Bibliografia Prac Pracowników - BPK 84816 Rozdział
© 2014 Biblioteka Politechniki Koszalińskiej :: BIBLIOGRAFIA PRAC PRACOWNIKÓW